000 00969cam a2200241 4500
001 X102980
008 000000n1999 000 0 eng u
035 _a(Sirsi) u102980
245 _aFitzpatrick v Sterling
260 _c1999
490 _aNew Property Cases
_v[1999] NPC 127 (3)
520 _aHL 28 October 1999. Same sex partners can have a family relationship for the purposes of the Rent Act as amended. It is a question of fact as to whether the relationship between individuals creates a family relationship. HEADNOTE FROM JOURNAL - NO PHOTOCOPYING ALLOWED.
650 _aRENT ACT 1965
650 _aRENT ACT 1977
650 _aHOUSING ACT 1980
650 _aHOUSING ACT 1988
650 _aSUCCESSION TO TENANCY
650 _aFAMILY
650 _aHOMOSEXUAL RELATIONSHIP
650 _aFITZPATRICK V STERLING HOUSING ASSOCIATION LTD
690 _aPROPERTY-RESIDENTIAL PROPERTY-RESIDENTIAL LANDLORD AND TENANT-RESIDENTIAL TENANCIES
942 _n0
999 _c61871
_d61871